Deux petits poèmes (italien et espagnol) sur Sapho / (Record no. 166620)

MARC details
000 -LEADER
campo de control de longitud fija 00773nam a22002055i 4500
001 - NÚMERO DE CONTROL
campo de control 166620
003 - IDENTIFICADOR DE NÚMERO DE CONTROL
campo de control ES-MaACL
005 - FECHA Y HORA DE LA ÚLTIMA TRANSACCIÓN
campo de control 20230906213353.0
008 - DATOS DE LONGITUD FIJA--INFORMACIÓN GENERAL
campo de control de longitud fija 050916s1883 fr | |||||||| ||fre d
040 ## - FUENTE DE CATALOGACIÓN
Centro catalogador/agencia de origen CAM
Lengua de catalogación spa
Centro/agencia transcriptor CAM
100 1# - ENTRADA PRINCIPAL--NOMBRE DE PERSONA
Nombre de persona Tréverret, A. de.
9 (RLIN) 133405
245 10 - MENCIÓN DEL TÍTULO
Título Deux petits poèmes (italien et espagnol) sur Sapho /
Mención de responsabilidad, etc. par M.A. de Tréverret.
260 ## - PUBLICACIÓN, DISTRIBUCIÓN, ETC.
Lugar de publicación, distribución, etc. Bordeaux :
Nombre del editor, distribuidor, etc. [s.n.,
Fecha de publicación, distribución, etc. 1883] (
Fabricante Imp. G. Gounouilhou)
300 ## - DESCRIPCIÓN FÍSICA
Extensión 12 p. ;
Dimensiones 22 cm.
500 ## - NOTA GENERAL
Nota general En pag.12 consta: "Extrait des Annales de la Faculté des Lettres de Bordeaux, nº 3, 1883"
594 ## - Nota al título y mención de responsabilidad
Nota al título y mención de responsabilidad Tit. tomado de comienzo de pag.1.
596 ## - NOTA AL PIE DE IMPRENTA
NOTA AL PIE DE IMPRENTA El pie de imp. consta en colofón.
600 04 - PUNTO DE ACCESO ADICIONAL DE MATERIA--NOMBRE DE PERSONA
Nombre de persona Safo.
9 (RLIN) 101395
852 ## - LOCALIZACIÓN
Ubicación ES-MaACL
Número de control de estantería T-352-F-20
Nota libre -- Enc. hol.
-- -- Enc. en un vol. facticio
Holdings
Estatus retirado Estado de pérdida Estado de daño No para préstamo Colección Biblioteca de origen Biblioteca actual Ubicación en estantería Fecha de adquisición Total de préstamos Signatura topográfica completa Código de barras Visto por última vez Precio de reemplazo Tipo de ítem Koha
        Colección de folletos Biblioteca del Ateneo de Madrid Biblioteca del Ateneo de Madrid Depósito folletos 17/01/2008   T-352-F-20 1174752 23/02/2023 23/02/2023 Folleto